Skribenter og bøger, (Record no. 1812)
[ view plain ]
| 000 -LEADER | |
|---|---|
| fixed length control field | 00955cam a22003251 4500 |
| 001 - CONTROL NUMBER | |
| control field | data |
| 005 - DATE AND TIME OF LATEST TRANSACTION | |
| control field | 20260322212119.0 |
| 008 - FIXED-LENGTH DATA ELEMENTS--GENERAL INFORMATION | |
| fixed length control field | data |
| 035 ## - SYSTEM CONTROL NUMBER | |
| System control number | 10223500 |
| 010 ## - LIBRARY OF CONGRESS CONTROL NUMBER | |
| LC control number | 47038622 |
| 035 ## - SYSTEM CONTROL NUMBER | |
| -- | (DLC) 47038622 |
| 035 ## - SYSTEM CONTROL NUMBER | |
| System control number | (OCoLC)20407809 |
| 040 ## - CATALOGING SOURCE | |
| Original cataloging agency | DLC |
| Transcribing agency | CU |
| Modifying agency | DLC |
| -- | DLC |
| 042 ## - AUTHENTICATION CODE | |
| Authentication code | premarc |
| 050 00 - LIBRARY OF CONGRESS CALL NUMBER | |
| Classification number | PN516 |
| Item number | .F7 |
| 100 1# - MAIN ENTRY--PERSONAL NAME | |
| Personal name | Friis Møller, Kai, |
| Dates associated with a name | 1888-1960. |
| 245 10 - TITLE STATEMENT | |
| Title | Skribenter og bøger, |
| Statement of responsibility, etc. | af Kai Friis Møller. |
| 260 ## - PUBLICATION, DISTRIBUTION, ETC. | |
| Place of publication, distribution, etc. | København, |
| Name of publisher, distributor, etc. | Gyldendal, |
| Date of publication, distribution, etc. | 1942. |
| 300 ## - PHYSICAL DESCRIPTION | |
| Extent | 359 p. front. (port.) |
| Dimensions | 25 cm. |
| 336 ## - CONTENT TYPE | |
| Content type term | text |
| Content type code | txt |
| Source | rdacontent |
| 337 ## - MEDIA TYPE | |
| Media type term | unmediated |
| Media type code | n |
| Source | rdamedia |
| 338 ## - CARRIER TYPE | |
| Carrier type term | volume |
| Carrier type code | nc |
| Source | rdacarrier |
| 650 #0 - SUBJECT ADDED ENTRY--TOPICAL TERM | |
| Topical term or geographic name entry element | Literature. |
| 650 #0 - SUBJECT ADDED ENTRY--TOPICAL TERM | |
| Topical term or geographic name entry element | Danish literature. |
| 650 #0 - SUBJECT ADDED ENTRY--TOPICAL TERM | |
| Topical term or geographic name entry element | American literature. |
| 906 ## - LOCAL DATA ELEMENT F, LDF (RLIN) | |
| a | 7 |
| b | cbc |
| c | oclcrpl |
| d | u |
| e | ncip |
| f | 19 |
| g | y-gencatlg |
| 985 ## - | |
| -- | OCLC REPLACEMENT cdsdistr |
| 991 ## - | |
| -- | c-GenColl |
| -- | PN516 |
| -- | .F7 |
| -- | Copy 1 |
| -- | OCLCREP |
| Withdrawn status | Lost status | Damaged status | Not for loan | Home library | Current library | Shelving location | Date acquired | Total checkouts | Full call number | Barcode | Date last seen | Price effective from | Koha item type |
|---|---|---|---|---|---|---|---|---|---|---|---|---|---|
| Franklin | Franklin | General stacks | 22/03/2026 | PN516 | LOC-FRL-00048 | 22/03/2026 | 22/03/2026 | Books |